00893 2200301 4500001002100000005001500021035002000036007000300056008004100059020002200100040002200122082001400144084001600158090002200174100002300196245007700219250003300296300003700329650003300366700002600399850001200425264003600437336002100473337003000494338002300524999002200547990002200569INLIS00000000085979520210511092311 a0010-0521000376ta210511s2020 yoia a 00 0 ind d a978-623-244-218-4 aYOPDYOGbinderda04223a372.5 a372.5 LIT m aCB-D.11 2020-25521 aLita, Kakepenulis10aMewarnai dinosaurus :buntuk PAUD & TK /cKak Lita; penyunting, Kak Rina aCetakan pertama: Maret, 2020 a48 halaman :bilustrasi ;c26 cm 4aPendidikan dasar--xmewarnai1 aRina, Kakepenyunting aYOPDYOG31aYogyakarta :bPlayground,c2020 2rdacontentateks 2rdamediaatanpa perantara 2rdacarrieravolume aCB-D.11/2020-2552 aCB-D.11/2020-2552